• 首页
  • 本馆介绍
  • 公告通知
  • 最新文献
  • 馆藏检索
  • 电子资源
  • 读者导购
  • 参考咨询
  • 我的图书馆
  • 登录
  • 详细信息显示
  • 放入我的书架
  • 预约/预借图书
  • 作者相关作品
  • 分类相关作品
  • 丛书相关作品
  • 出版社相关作品

书目信息

  • 表格格式
  • 工作单格式
  • 卡片格式
题名:
花卉产业发展与创新研究
    
 
作者: 黄国华 著
分册:  
出版信息: 北京   经济日报出版社  2014.10
页数: 227页
开本: 25cm
丛书名:
单 册:
中图分类: F326.13
科图分类:
主题词: 花卉--种植业--产业发展--研究--北京市
电子资源:
ISBN: 978-7-80257-709-1
000 00986nam0 2200229 450
001 012015000447
005 20150914150559.09
010    @a978-7-80257-709-1@dCNY45.00
100    @a20141001d2014 em y0chiy0110 ea
101 0  @achi
102    @aCN@b110000
105    @ay z 000yy
106    @ar
200 1  @a花卉产业发展与创新研究@Ahua hui chan ye fa zhan yu chuang xin yan jiu@e以北京为例@f黄国华著
210    @a北京@c经济日报出版社@d2014.10
215    @a227页@d25cm
330    @a本书以北京为例,全面、系统地研究了花卉产业的发展与创新机制。研究立足北京花卉产业的现状,总结了北京花卉产业的发展;创新性地分析了花卉产业的供给与需求特征,形成了花卉产业发展的第一手资料;在借鉴国内外花卉产业发展经验与方法的基础上,对北京花卉产业的定位与思路、竞争力、发展与创新、政策体系与保障机制等进行了重点研究。
606 0  @a花卉@x种植业@x产业发展@x研究@x北京市
690    @aF326.13@v5
701  0 @a黄国华@Ahuang guo hua@4著
801  0 @aCN@b碧洲教育@c20150716
905    @a10447@f4@dF326.13@e159
    
    花卉产业发展与创新研究:以北京为例/黄国华著.-北京:经济日报出版社,2014.10
    227页;25cm
    
    
    ISBN 978-7-80257-709-1:CNY45.00
    本书以北京为例,全面、系统地研究了花卉产业的发展与创新机制。研究立足北京花卉产业的现状,总结了北京花卉产业的发展;创新性地分析了花卉产业的供给与需求特征,形成了花卉产业发展的第一手资料;在借鉴国内外花卉产业发展经验与方法的基础上,对北京花卉产业的定位与思路、竞争力、发展与创新、政策体系与保障机制等进行了重点研究。
●
相关链接 在E读中查询图书 在五车中查询图书 在当当中查询图书 在豆瓣中查询图书


正题名:花卉产业发展与创新研究     索取号:F326.13/159         预约/预借

序号 登录号 条形码 馆藏地/架位号 状态 备注
1 0849322   208493227   第一样本阅览室/ [索取号:F326.13/159] 在馆    
2 0849323   208493236   第一借阅区/ [索取号:F326.13/159] 在馆    
3 0849324   208493245   第一借阅区/ [索取号:F326.13/159] 在馆    
4 0849325   208493254   第一借阅区/ [索取号:F326.13/159] 在馆    
唐山师范学院图书馆 欢迎您!
大连网信软件有限公司© 版权所有